00559nam a22001457a 4500003000400000005001700004008004100021040001400062100002600076245014900102260000900251300002200260500010000282504003100382OSt20171010095523.0120817t xxu||||| |||| 00| 0 eng d aMMSUcULS aCacayorin, Nenita D.  aPerformance of cotton (gossypium barbadense L. var. CRDN 174) as influenced by planting date and plant population density cNenita D. Cacayorin  c1998 axxvi, 179 leaves  aThesis (MS Agriculture-Agronomy) -- Mariano Marcos State University-Graduate School, Laoag City aBibliography: leaves 63-68